000 01054cam a2200277 a 4500
001 000020117
005 20200929170256.0
008 700702s2000 dr 000 f spa d
020 _a8481301191
040 _aDO-SdBNP
_bspa
_cBNPHU
082 _a813.3
_bP743e
100 1 _aPoe, Edgar Allan,
_d1809-1849
_99903
240 1 4 _aThe murders in the rue morgue.
_lEspañol
245 1 4 _aLos extraordinarios casos de monsieur Dupin /
_cEdgar Allan Poe ; traducción de Domingo Santos.
260 _aSanto Domingo :
_bEl Siglo,
_c2000.
300 _a124 p. ;
_c19 cm.
490 1 _aJoyas del milenio
_v20
505 2 _aLos crímenes de la morgue--
_tEl misterio de Marie Rogêt --
_tLa carta robada.
534 _aTítulo original: The murders in the rue morgue
_cBarcelona : Bibliotex, 2000.
590 _aInventariado, 2018/ YL
650 4 _aCuentos estadounidenses
_93514
650 4 _aLiteratura estadounidense
_9263
700 1 2 _aSantos, Domingo,
_etr.
_942720
830 0 _aJoyas del milenio;
_n20
_942721
910 _aValidado. Control de calidad MFF
999 _c19625
_d19625